Grado de lealtad y transferencia de votos del electorado costarricense; las probabilidades de transición /

Gespeichert in:
Bibliographische Detailangaben
1. Verfasser: Hernández R, Oscar E.
Format: Text
Tags: Tag hinzufügen
Keine Tags, Fügen Sie den ersten Tag hinzu!

MARC

LEADER 00000 a a2200000 04500
001 3065
003
040
100 |a Hernández R, Oscar E.  
245 |a Grado de lealtad y transferencia de votos del electorado costarricense; las probabilidades de transición /  |c Oscar E. Hernández R 
773 |g volumen 3, número 2; páginas 79-90  
999 |c 23137  |d 23137